000 00938nam a22002897a 4500
003 CHAP
005 20250908093926.0
008 971013s1996 r 00010 d
010 _a61159
011 _a62131
035 _a66305
040 _cCHAP
090 _aTesis
100 1 0 _aAguilar Flores, Pablo
_92701
245 _aCalidad de la canal de cerdo y su transformación integral
260 _aChapingo, Méx. :
_bEl autor,
_c1996
300 _a192 h.
_b: ilus. ; gráfs.
502 _aTesis (Ing. Agroindustrial) -- UACH. Departamento de Ingeniería Agroindustrial
590 _aALEPH
_b10
_c20130110
_lUCH01
_h1340
590 _aBATCH-UPD
_b10
_c20130110
_lUCH01
_h0201
590 _aCONVERSION
_b10
_c20130109
_lUCH01
_h1333
650 1 4 _aCarne de puerco en canal.
_919188
901 _aBK
942 _cFOLL
949 _bBC
_cTES
_d-151481
_eTS1
_h29351
_i66305
_si
949 _bBC
_cTES
_d33724000621561
_eTS2
_fc.2
_h29352
_i66305
_si
999 _c61159
_d61159